Zwycięzcy TCS za czasów pś - Statystyki

Ogólne statystyki
  • Ten quiz został rozwiązany 76 razy
  • Średni wynik to 27 z 44
Statystyki odpowiedzi
TCS Zwycięzca % Poprawnych
2016/2017 Kamil Stoch
98%
2017/2018 Kamil Stoch
98%
2020/2021 Kamil Stoch
98%
2000/2001 Adam Małysz
95%
2019/2020 Dawid Kubacki
95%
1998/1999 Janne Ahonen
95%
2002/2003 Janne Ahonen
95%
2004/2005 Janne Ahonen
95%
2007/2008 Janne Ahonen
95%
2005/2006 Janne Ahonen i Jakub Janda
95%
2014/2015 Stefan Kraft
92%
2022/2023 Halvor Egner Granerud
90%
2018/2019 Ryoyu Kobayashi
90%
2021/2022 Ryoyu Kobayashi
90%
2015/2016 Peter Prevc
82%
2010/2011 Thomas Morgenstern
79%
2011/2012 Gregor Schlierenzauer
69%
2012/2013 Gregor Schlierenzauer
69%
2001/2002 Sven Hannawald
69%
2009/2010 Andreas Kofler
68%
2013/2014 Thomas Diethart
68%
1982/1983 Matti Nykanen
66%
1987/1988 Matti Nykanen
66%
2008/2009 Wolfgang Loitzl
56%
1992/1993 Andreas Goldberger
55%
1994/1995 Andreas Goldberger
55%
1996/1997 Primoz Peterka
55%
1983/1984 Jens Weissflog
47%
1984/1985 Jens Weissflog
47%
1990/1991 Jens Weissflog
47%
1995/1996 Jens Weissflog
47%
1997/1998 Kazuyoshi Funaki
47%
2006/2007 Anders Jacobsen
45%
2003/2004 Sigurd Pettersen
44%
1991/1992 Toni Nieminen
39%
1993/1994 Espen Bredesen
34%
1979/1980 Hubert Neuper
29%
1980/1981 Hubert Neuper
29%
1999/2000 Andreas Widholzl
27%
1989/1990 Dieter Thoma
21%
1985/1986 Ernst Vettori
15%
1986/1987 Ernst Vettori
15%
1988/1989 Risto Laakkonen
6%
1981/1982 Manfred Deckert
5%
Nie znaleziono quizów pasujących do podanych kryteriów
Rozkład punktacji
Procent ludzi z każdym wynikiem
Percentyl według liczby udzielonych odpowiedzi
Twoja historia wyników
Nie rozwiązałeś tego quizu